Anśprache an die Kinder Yiśrael

Saved in:  
Bibliographic Details
Format: Print Book
Language:Yiddish
Subito Delivery Service: Order now.
Check availability: HBZ Gateway
WorldCat: WorldCat
Interlibrary Loan:Interlibrary Loan for the Fachinformationsdienste (Specialized Information Services in Germany)
Published: London 1820
In:Year: 1820

MARC

LEADER 00000cam a2200000 c 4500
001 1092068791
003 DE-627
005 20240425204643.0
007 tu
008 901026s1820 xx ||||| 00| ||yid c
035 |a (DE-627)1092068791 
035 |a (DE-576)022068791 
035 |a (DE-599)BSZ022068791 
035 |a (OCoLC)47033125 
040 |a DE-627  |b ger  |c DE-627  |e rakwb 
041 |a yid 
084 |a 1  |2 ssgn 
245 0 0 |a Anśprache an die Kinder Yiśrael 
246 3 0 |a Ansprache Israel 
264 1 |a London  |c 1820 
300 |a 10 S. 
336 |a Text  |b txt  |2 rdacontent 
337 |a ohne Hilfsmittel zu benutzen  |b n  |2 rdamedia 
338 |a Band  |b nc  |2 rdacarrier 
500 |a In hebr. Schrift, jidd 
583 1 |a Archivierung/Langzeitarchivierung gewährleistet  |f SSG  |x XA-DE-BW  |2 pdager  |5 DE-21 
751 |a London  |0 (DE-588)4074335-4  |0 (DE-627)106089994  |0 (DE-576)209193417  |4 pup 
935 |a mteo 
951 |a BO 
ELC |b 1 
ITA |a 1  |t 1 
LOK |0 000 xxxxxcx a22 zn 4500 
LOK |0 001 2153291844 
LOK |0 003 DE-627 
LOK |0 004 1092068791 
LOK |0 005 20130413100710 
LOK |0 008 901026||||||||||||||||ger||||||| 
LOK |0 040   |a DE-21  |c DE-627  |d DE-21 
LOK |0 852   |a DE-21 
LOK |0 852 1  |c Gk X 29  |9 00 
LOK |0 866   |x Sammelband mit vier versch. Werken 
LOK |0 935   |a aber  |a theo 
LOK |0 939   |a 26-10-90  |b l01 
ORI |a SA-MARC-ixtheoa001.raw